First Draft: (Record no. 189393)

MARC details
000 -LEADER
fixed length control field 00607nam a22001937a 4500
005 - DATE AND TIME OF LATEST TRANSACTION
control field 20220628111858.0
010 ## - LCCN (DPL NO)
LC control number ENG-133401
020 ## - INTERNATIONAL STANDARD BOOK NUMBER
International Standard Book Number 9789380283760
Terms of availability 975.00
035 ## - SYSTEM CONTROL NUMBER
System control number EN-116933
037 ## - SOURCE OF ACQUISITION
Source of stock number/acquisition DBAD/PUB
082 ## - DEWEY DECIMAL CLASSIFICATION NUMBER
Classification number 070.920954
100 ## - MAIN ENTRY--PERSONAL NAME
Personal name Verghese, B.G
245 ## - TITLE STATEMENT
Title First Draft:
Remainder of title Witness to the Making of Modern India/
Statement of responsibility, etc B.G. Verghese
260 ## - PUBLICATION, DISTRIBUTION, ETC. (IMPRINT)
Place of publication, distribution, etc New Delhi
Name of publisher, distributor, etc Tranquebar Press
Date of publication, distribution, etc 2013
270 ## - ADDRESS
Address 47, Brij Mohan Road, Daryaganj
City New Delhi
Postal code 110002
300 ## - PHYSICAL DESCRIPTION
Extent xiv,573p.
Dimensions 25cm(hb)
Other physical details Index
700 ## - ADDED ENTRY--PERSONAL NAME
Personal name Asha Rajvanshi [et. al...]
942 ## - ADDED ENTRY ELEMENTS (KOHA)
Source of classification or shelving scheme Dewey Decimal Classification
Item type English Books
Classification part 070.920954
Call number suffix VER
Holdings
Withdrawn status Lost status Not for loan Collection code Home library Current library Date acquired Source of acquisition Cost, normal purchase price Full call number Barcode Copy number Cost, replacement price Koha item type
      Non-fiction Ashok Vihar Ashok Vihar 28/06/2022 DBAD/PUB 975.00 070.920954 VER EN-116933 1 975.00 English Books

© Delhi Public Library
Hit Counter
free hit counter